Tilastot visalle Sanat - "Neiti kesäheinä" - Intiaanikesä

Klikkaa tästä pelataksesi tätä visaa!

Yleistilastot

  • Tätä visaa on pelattu 70 kertaa
  • Keskiarvotulos 117 / 162

Vastaustilastot

Vastaus% Oikein
kesäheinä
100%
ne
100%
Neiti
100%
neiti
100%
niin
100%
kaipaan
98%
sua
98%
ja
90%
kun
90%
saitko
90%
maa
88%
vastauksen
88%
haaveisiis
85%
koko
85%
katsot
81%
palaako
81%
taa
81%
sitten
77%
hiuksissa
75%
oli
75%
Sulla
75%
viisi
75%
vuotta
75%
hiekkaa
73%
katsoo
69%
ajassa
67%
maalasit
67%
niistä
67%
tauluja
67%
aiheista
65%
juuri
65%
kuuluu
65%
silloinkin
65%
meen
63%
mihin
63%
mitä
63%
pelottaa
63%
joita
62%
silmiin
62%
harva
60%
kysyit
60%
kahdesta
54%
meistä
52%
lauluja
50%
kirjoita
48%
oo
46%
yhä
46%
oot
44%
aina
42%
Muistatko
42%
mukana
42%
Sinä
42%
tunnista
42%
vaikket
42%
et
40%
itseäs
40%
katsoin
40%
Olen
40%
sinun
40%
meitä
38%
minä
37%
nähnyt
37%
ohitse
37%
surren
37%
tanssivan
37%
katoovan
35%
rakastin
35%
se
35%
sointuihin
35%
syksyn
35%
kauniin
33%
jatkoit
31%
matkaasi
31%
palannut
31%
unohdit
31%
koitti
27%
päivä
27%
vaieten
27%
kerran
25%
muistomme
21%
woo
19%
katsos
15%
kiapaan
0%

Tulosjakauma

Persentiili vastausten määrän mukaan

Jokaisen tuloksen saaneiden osuus

Tuloshistoriasi

Et ole pelannut tätä visaa